| 000 | 00713nam a2200193 i 4500 | ||
|---|---|---|---|
| 001 | 189571 | ||
| 003 | ES-MaACL | ||
| 005 | 20260519142551.0 | ||
| 008 | 190620m18331835be |||| | fre d | ||
| 245 | 0 | 0 |
_aCollection de documens inédits concernant l'histoire de la Belgique / _cpubliée par L.P. Gachard. |
| 260 |
_aBruxelles : _bLouis Hauman et Comp., libraires, _c1833-1835. |
||
| 300 |
_a3 v. ; _c22 cm. |
||
| 530 | _aDisponible en formato digital. | ||
| 651 | 4 |
_aBélgica- _xHistoria. _97873 |
|
| 700 | 1 |
_aGachard, Louis Prosper, _d1800-1885 _953175 |
|
| 852 |
_aES-MaACL _jC-352-54 |
||
| 856 |
_uhttp://bdh-rd.bne.es/viewer.vm?id=0000012963&page=1 _zBiblioteca Digital Hispánica |
||
| 999 |
_c189571 _d189571 |
||